[Event "Warsaw-chA 67th"]
[Site "Warsaw"]
[Date "2018.11.12"]
[Round "1"]
[White "Mickiewicz, Piotr"]
[Black "Grochulski, Grzegorz"]
[Result "1-0"]
[WhiteElo "2243"]
[BlackElo "1996"]
[PlyCount "67"]
[EventDate "2018.11.12"]
[EventType "swiss"]
[EventRounds "9"]
[EventCountry "POL"]
[SourceTitle "CBM 187 Extra"]
[Source "ChessBase"]
[SourceDate "2018.11.04"]
[SourceVersion "1"]
[SourceVersionDate "2018.11.04"]
[SourceQuality "1"]

1. c4 e5 2. Nc3 Nf6 3. Nf3 d6 4. d4 Nbd7 5. g3 g6 6. Bg2 Bg7 7. 0-0 0-0 8. Qc2 Re8 9. Rd1 c6 10. b3 Qc7 11. e4 a5 12. h3 b6 13. Be3 Ba6 14. Rac1 b5 15. c5 dxc5 16. dxe5 Nxe5 17. Nxe5 Qxe5 18. Bf4 Qe7 19. e5 Nd7 20. Bxc6 Nxe5 21. Nd5 Qe6 22. Bxa8 Rxa8 23. Nc7 Nf3+ 24. Kg2 Qc6 25. Nd5 Nd4 26. Qxc5 Qd7 27. Rxd4 Bxd4 28. Qxd4 Bb7 29. Rc5 Rd8 30. Kh2 Bxd5 31. Bh6 f6 32. Qxf6 Be6 33. Re5 Re8 34. Rxe6 1-0

[Event "Krakow op-B 23rd"]
[Site "Krakow"]
[Date "2012.12.31"]
[Round "6"]
[White "Valkovoy, Alexandr"]
[Black "Grochulski, Grzegorz"]
[Result "1-0"]
[WhiteElo "1855"]
[BlackElo "2067"]
[PlyCount "103"]
[EventDate "2012.12.27"]
[EventType "swiss"]
[EventRounds "9"]
[EventCountry "POL"]
[SourceTitle "CBM 152 Extra"]
[Source "ChessBase"]
[SourceDate "2013.02.25"]
[SourceVersion "1"]
[SourceVersionDate "2013.02.25"]
[SourceQuality "1"]

1. d4 d6 2. Nf3 Nf6 3. Bf4 c6 4. c3 Bf5 5. Nbd2 h6 6. h3 Nbd7 7. e3 Qc7 8. Bh2 b5 9. a4 Rb8 10. axb5 cxb5 11. Qb3 b4 12. Bc4 e6 13. cxb4 Be7 14. 0-0 0-0 15. Ra6 Nb6 16. Be2 Ne4 17. Rfa1 Rb7 18. Nc4 Nxc4 19. Bxc4 Rc8 20. Bf1 g5 21. Qa4 Bf6 22. Bd3 Be7 23. g4 Nxf2 24. Bxf5 Nxh3+ 25. Kg2 exf5 26. Kxh3 fxg4+ 27. Kxg4 Qc4 28. Qa2 Qe2 29. Rg1 h5+ 30. Kg3 h4+ 31. Kg4 Kg7 32. Ra5 Rb5 33. Rxb5 Qxb5 34. Qb1 Kf6 35. Be5+ dxe5 36. Qf5+ Kg7 37. Qxc8 e4 38. Nxh4 gxh4 39. Kf4+ Kf6 40. Qh8+ Ke6 41. Qe5+ Qxe5+ 42. dxe5 Bxb4 43. Kxe4 a5 44. Rc1 Bd2 45. Rh1 a4 46. Ra1 h3 47. Rxa4 f5+ 48. exf6 h2 49. Ra1 Bb4 50. Rf1 Kf7 51. Kf5 Bc5 52. Rh1 1-0

[Event "Rewal op-B 17th"]
[Site "Rewal"]
[Date "2012.08.??"]
[Round "9"]
[White "Grochulski, Grzegorz"]
[Black "Murawko, Katarzyna"]
[Result "0-1"]
[WhiteElo "2095"]
[BlackElo "1859"]
[PlyCount "98"]
[EventDate "2012.08.20"]
[EventType "swiss"]
[EventRounds "9"]
[EventCountry "POL"]
[SourceTitle "EXT 2014"]
[Source "ChessBase"]
[SourceDate "2013.11.20"]
[SourceVersion "1"]
[SourceVersionDate "2013.11.20"]
[SourceQuality "1"]

1. e4 c5 2. Nf3 d6 3. d4 cxd4 4. Nxd4 Nf6 5. Nc3 a6 6. f4 Qc7 7. Bd3 b5 8. Nf3 Nbd7 9. 0-0 Bb7 10. a3 e6 11. Kh1 Be7 12. Qe1 0-0 13. e5 dxe5 14. fxe5 Ng4 15. Bf4 Bxf3 16. Rxf3 Ngxe5 17. Qg3 g6 18. Re1 Bd6 19. Ne4 f6 20. Nxd6 Qxd6 21. Bxg6 hxg6 22. Bxe5 Nxe5 23. Rxe5 Kg7 24. Re2 Qxg3 25. Rxg3 e5 26. Rd3 Rfd8 27. Red2 Rxd3 28. Rxd3 Kf7 29. Kg1 Ke6 30. Kf2 Rc8 31. c3 Rc6 32. Ke3 Rd6 33. Rxd6+ Kxd6 34. g4 g5 35. Ke4 Kc5 36. b3 a5 37. Kd3 Kd5 38. c4+ bxc4+ 39. bxc4+ Kc5 40. Kc3 e4 41. a4 e3 42. Kd3 e2 43. Kxe2 Kxc4 44. Ke3 Kb4 45. Ke4 Kxa4 46. Kf5 Kb4 47. Kxf6 a4 48. h4 gxh4 49. g5 a3 0-1

[Event "POL-chT U19 2nd League"]
[Site "Borowice"]
[Date "2012.07.29"]
[Round "11"]
[White "Grochulski, Grzegorz"]
[Black "Wiewiora, Eneasz"]
[Result "0-1"]
[WhiteElo "2094"]
[BlackElo "2152"]
[PlyCount "88"]
[EventDate "2012.07.21"]
[EventType "team-swiss"]
[EventRounds "11"]
[EventCountry "POL"]
[SourceTitle "EXT 2014"]
[Source "ChessBase"]
[SourceDate "2013.11.20"]
[SourceVersion "1"]
[SourceVersionDate "2013.11.20"]
[SourceQuality "1"]
[WhiteTeam "Warszawa UKS Czternastka U19"]
[BlackTeam "Pszczyna PSSz U19"]
[WhiteTeamCountry "POL"]
[BlackTeamCountry "POL"]

1. e4 d6 2. d4 Nf6 3. Nc3 e5 4. Nf3 Nbd7 5. Bc4 Be7 6. 0-0 0-0 7. Re1 a6 8. a4 b6 9. Bg5 Bb7 10. d5 Nh5 11. Bxe7 Qxe7 12. Nd2 g6 13. Nf1 Ng7 14. Ra3 Kh8 15. Na2 a5 16. Rae3 f5 17. exf5 Nxf5 18. Rh3 Qf7 19. Nc3 Nc5 20. f3 Bc8 21. Ne4 Nxe4 22. Rxe4 Ne7 23. g4 Bd7 24. b3 Ng8 25. Nd2 Rae8 26. Qe1 Nf6 27. Re2 Nh5 28. Re3 Nf4 29. Rh6 Qg7 30. g5 Nh3+ 31. Rxh3 Bxh3 32. Ne4 Rf4 33. Nf6 Rf8 34. Qg3 Bc8 35. h4 R8xf6 36. gxf6 Qxf6 37. h5 gxh5 38. Bd3 h4 39. Qg2 Qf8 40. Be4 Rf7 41. Kf2 Rg7 42. Qh2 h3 43. Ke1 Rg2 44. Qh1 Qf4 0-1

[Event "POL-chT U19 2nd League"]
[Site "Borowice"]
[Date "2012.07.23"]
[Round "4"]
[White "Musialkiewicz, Jan"]
[Black "Grochulski, Grzegorz"]
[Result "1-0"]
[WhiteElo "2189"]
[BlackElo "2094"]
[PlyCount "49"]
[EventDate "2012.07.21"]
[EventType "team-swiss"]
[EventRounds "11"]
[EventCountry "POL"]
[SourceTitle "EXT 2014"]
[Source "ChessBase"]
[SourceDate "2013.11.20"]
[SourceVersion "1"]
[SourceVersionDate "2013.11.20"]
[SourceQuality "1"]
[WhiteTeam "Poznan UMKS Na Pieterku U19"]
[BlackTeam "Warszawa UKS Czternastka U19"]
[WhiteTeamCountry "POL"]
[BlackTeamCountry "POL"]

1. e4 e5 2. Nf3 Nc6 3. d4 exd4 4. Nxd4 Nf6 5. Nc3 Bb4 6. Nxc6 bxc6 7. Bd3 d6 8. h3 0-0 9. 0-0 Nd7 10. Na4 c5 11. f4 Bb7 12. c3 Ba5 13. Qc2 Qh4 14. Bd2 Bc6 15. b4 Bb6 16. Nxb6 axb6 17. b5 Bb7 18. c4 Rfe8 19. Rae1 f5 20. e5 dxe5 21. Bxf5 Nf6 22. fxe5 Rxe5 23. Rxe5 Qd4+ 24. Re3 Ra3 25. Rfe1 1-0

[Event "Milanowek-ch"]
[Site "Milanowek"]
[Date "2012.07.01"]
[Round "2"]
[White "Grabarczyk, Sylwester Piotr"]
[Black "Grochulski, Grzegorz"]
[Result "0-1"]
[WhiteElo "1746"]
[BlackElo "2094"]
[PlyCount "105"]
[EventDate "2012.06.30"]
[EventType "swiss"]
[EventRounds "9"]
[EventCountry "POL"]
[SourceTitle "EXT 2014"]
[Source "ChessBase"]
[SourceDate "2013.11.20"]
[SourceVersion "1"]
[SourceVersionDate "2013.11.20"]
[SourceQuality "1"]

1. Nc3 d5 2. d4 Nf6 3. Nf3 Bf5 4. a3 Nbd7 5. Nh4 Bg6 6. Nxg6 hxg6 7. Bg5 e6 8. e4 dxe4 9. Nxe4 Be7 10. Nc3 c5 11. dxc5 Nxc5 12. Bb5+ Kf8 13. Qf3 a6 14. Be2 b5 15. Rd1 Nfd7 16. Be3 Qb8 17. Bf4 Qc8 18. b4 Nb7 19. 0-0 g5 20. Bc1 Qc7 21. g3 Ne5 22. Qe3 f6 23. f4 gxf4 24. Rxf4 Rd8 25. Rdf1 Rc8 26. Bb2 Ke8 27. Bd3 Nd6 28. Ba1 Qd7 29. Rd1 g5 30. Rd4 Qc6 31. Rf1 Bd8 32. Ne4 Nf5 33. Rxf5 exf5 34. Nd6+ Kf8 35. Nxc8 Nf3+ 36. Qxf3 Qxf3 37. Rxd8+ Kg7 38. Bxf6+ Kxf6 39. Rxh8 Qd1+ 40. Kg2 Qd2+ 41. Kg1 Qe1+ 42. Kg2 Qd2+ 43. Kg1 f4 44. gxf4 gxf4 45. Rh6+ Ke5 46. Rh5+ Kd4 47. Rf5 Kc3 48. h4 Qe1+ 49. Kg2 Qxh4 50. Nb6 Qg3+ 51. Kf1 Qf3+ 52. Ke1 Qe3+ 53. Kd1 0-1

[Event "Warsaw YMCA 96th Autumn-A"]
[Site "Warsaw"]
[Date "2011.11.10"]
[Round "7"]
[White "Malec, Sebastian"]
[Black "Grochulski, Grzegorz"]
[Result "1/2-1/2"]
[WhiteElo "2148"]
[BlackElo "2061"]
[PlyCount "61"]
[EventDate "2011.09.29"]
[EventType "tourn"]
[EventRounds "11"]
[EventCountry "POL"]
[SourceTitle "EXT 2014"]
[Source "ChessBase"]
[SourceDate "2013.11.20"]
[SourceVersion "1"]
[SourceVersionDate "2013.11.20"]
[SourceQuality "1"]

1. e4 e5 2. Nf3 Nc6 3. Bb5 a6 4. Ba4 d6 5. c3 Nge7 6. 0-0 h6 7. d4 Bd7 8. Nh4 g6 9. g3 Bg7 10. Be3 0-0 11. d5 Nb8 12. Bc2 Bh3 13. Re1 Nd7 14. a4 Qe8 15. a5 f5 16. exf5 Nxf5 17. Nxf5 gxf5 18. Ra4 e4 19. f4 exf3 20. Rh4 Bg4 21. Qc1 Qg6 22. h3 Bh5 23. g4 Ne5 24. Kf2 f4 25. Bd4 Nd3+ 26. Bxd3 Bxd4+ 27. cxd4 Qxd3 28. gxh5 Qxd4+ 29. Kf1 Qd3+ 30. Kf2 Qd4+ 31. Kf1 1/2-1/2

[Event "Warsaw YMCA 96th Autumn-A"]
[Site "Warsaw"]
[Date "2011.11.09"]
[Round "5"]
[White "Cajbel, Maciej"]
[Black "Grochulski, Grzegorz"]
[Result "1-0"]
[WhiteElo "2224"]
[BlackElo "2061"]
[PlyCount "103"]
[EventDate "2011.09.29"]
[EventType "tourn"]
[EventRounds "11"]
[EventCountry "POL"]
[SourceTitle "EXT 2014"]
[Source "ChessBase"]
[SourceDate "2013.11.20"]
[SourceVersion "1"]
[SourceVersionDate "2013.11.20"]
[SourceQuality "1"]

1. Nc3 d5 2. e4 d4 3. Nce2 e5 4. d3 Nc6 5. g3 f5 6. exf5 Bxf5 7. Bg2 Nf6 8. Nf3 Bb4+ 9. Bd2 e4 10. dxe4 Bxe4 11. Bxb4 Nxb4 12. Nexd4 c5 13. a3 cxd4 14. axb4 0-0 15. 0-0 Qd5 16. Ra5 b5 17. Ne1 Rf7 18. f3 Bg6 19. Nd3 Qc4 20. b3 Qc3 21. Rxb5 Rc7 22. Rc5 Rxc5 23. bxc5 Nd5 24. f4 Ne3 25. Qe1 Bxd3 26. cxd3 Rc8 27. Qxc3 dxc3 28. Rc1 Rxc5 29. d4 Rc7 30. Kf2 Nf5 31. Bd5+ Kf8 32. Bc4 Nd6 33. Bd3 g6 34. Ke2 Ke7 35. d5 a5 36. Ke3 Nf5+ 37. Bxf5 gxf5 38. Kd3 Kd6 39. Rxc3 Rxc3+ 40. Kxc3 Kxd5 41. Kd3 h5 42. h3 Kc5 43. Kc3 Kd5 44. Kd3 Kc5 45. Ke3 Kb4 46. g4 fxg4 47. hxg4 hxg4 48. f5 Kxb3 49. f6 a4 50. f7 a3 51. f8Q a2 52. Qf6 1-0

[Event "Warsaw YMCA Spring-A 89th"]
[Site "Warsaw"]
[Date "2011.06.22"]
[Round "13"]
[White "Grochulski, Grzegorz"]
[Black "Zurkowski, Andrzej"]
[Result "1/2-1/2"]
[WhiteElo "2069"]
[BlackElo "2135"]
[PlyCount "20"]
[EventDate "2011.03.29"]
[EventType "tourn"]
[EventRounds "13"]
[EventCountry "POL"]
[SourceTitle "EXT 2019"]
[Source "ChessBase"]
[SourceDate "2018.10.10"]
[SourceVersion "1"]
[SourceVersionDate "2018.10.10"]
[SourceQuality "1"]

1. e4 e6 2. d4 d5 3. exd5 exd5 4. Bd3 Bd6 5. Ne2 Ne7 6. 0-0 0-0 7. c3 c6 8. Bf4 Bf5 9. h3 h6 10. Qc2 Qc7 1/2-1/2

[Event "Warsaw YMCA Spring-A 89th"]
[Site "Warsaw"]
[Date "2011.06.10"]
[Round "11"]
[White "Grochulski, Grzegorz"]
[Black "Sielicki, Tomasz"]
[Result "1-0"]
[WhiteElo "2069"]
[BlackElo "2026"]
[PlyCount "117"]
[EventDate "2011.03.29"]
[EventType "tourn"]
[EventRounds "13"]
[EventCountry "POL"]
[SourceTitle "EXT 2019"]
[Source "ChessBase"]
[SourceDate "2018.10.10"]
[SourceVersion "1"]
[SourceVersionDate "2018.10.10"]
[SourceQuality "1"]

1. e4 e5 2. Nf3 Nc6 3. Bc4 Bc5 4. c3 Nf6 5. d4 exd4 6. e5 d5 7. Bb5 Ne4 8. cxd4 Bb6 9. Nbd2 0-0 10. Nb3 Bg4 11. h3 Bh5 12. Bxc6 bxc6 13. Be3 f6 14. Qc2 fxe5 15. Nxe5 Qh4 16. 0-0 Rf6 17. a4 a5 18. Nd2 Re8 19. Nxe4 dxe4 20. Qc4+ Kh8 21. Rfe1 Rxe5 22. dxe5 Rg6 23. Qf1 Bf3 24. Kh2 Bxg2 25. Qxg2 Rxg2+ 26. Kxg2 Bxe3 27. Rxe3 Qg5+ 28. Kf1 Qxe5 29. Rd1 h6 30. b3 c5 31. Rc1 Kh7 32. Rc4 Kg6 33. Rec3 h5 34. Rxc5 Qd4 35. Rxc7 Kh7 36. Re3 Kg6 37. Rc4 Qd1+ 38. Kg2 Kf5 39. Rc5+ Kf4 40. Rc4 Kf5 41. Rcxe4 Qd5 42. Kg3 Qd6+ 43. Re5+ Kf6 44. Kf3 Qxe5 45. Rxe5 Kxe5 46. Ke3 g5 47. Kd3 Kd5 48. f3 h4 49. Kc3 Kc5 50. b4+ axb4+ 51. Kb3 Kb6 52. Kxb4 Ka6 53. Kc5 Ka5 54. Kd5 Kxa4 55. Ke5 Kb5 56. Kf5 Kc5 57. Kxg5 Kd5 58. Kxh4 Ke5 59. Kg5 1-0

[Event "Warsaw-ch opA 64th"]
[Site "Warsaw"]
[Date "2011.05.13"]
[Round "7"]
[White "Nguyen, Piotr"]
[Black "Grochulski, Grzegorz"]
[Result "1-0"]
[WhiteElo "2397"]
[BlackElo "2057"]
[PlyCount "75"]
[EventDate "2011.05.07"]
[EventType "swiss"]
[EventRounds "9"]
[EventCountry "POL"]
[SourceTitle "CBM 142 Extra"]
[Source "ChessBase"]
[SourceDate "2011.06.27"]
[SourceVersion "1"]
[SourceVersionDate "2011.06.27"]
[SourceQuality "1"]

1. d4 Nf6 2. c4 e6 3. Nf3 c5 4. d5 exd5 5. cxd5 d6 6. Nc3 g6 7. e4 Bg7 8. h3 0-0 9. Bd3 a6 10. a4 Nbd7 11. 0-0 Nh5 12. Bg5 Bf6 13. Bh6 Re8 14. Be2 Rb8 15. Nd2 Ng7 16. Bf4 Ne5 17. Bh2 g5 18. f4 gxf4 19. Bxf4 Bd7 20. a5 b5 21. axb6 Rxb6 22. Ra2 Bb5 23. Bxb5 axb5 24. Qe2 b4 25. Nd1 b3 26. Ra3 Qb8 27. Bh6 Be7 28. Ne3 Bf8 29. Qf2 Qb7 30. Qg3 Ng6 31. Ng4 Re7 32. Nc4 Rb4 33. Na5 Qb6 34. Nc6 Rb7 35. Ra8 c4+ 36. Be3 Qc7 37. Nf6+ Kh8 38. Qxg6 1-0

[Event "Warsaw YMCA Spring-A 89th"]
[Site "Warsaw"]
[Date "2011.04.08"]
[Round "2"]
[White "Grochulski, Grzegorz"]
[Black "Liberadzki, Slawomir"]
[Result "1-0"]
[WhiteElo "2069"]
[BlackElo "2013"]
[PlyCount "111"]
[EventDate "2011.03.29"]
[EventType "tourn"]
[EventRounds "13"]
[EventCountry "POL"]
[SourceTitle "EXT 2019"]
[Source "ChessBase"]
[SourceDate "2018.10.10"]
[SourceVersion "1"]
[SourceVersionDate "2018.10.10"]
[SourceQuality "1"]

1. e4 c5 2. Nf3 e6 3. d4 cxd4 4. Nxd4 Nc6 5. Nc3 Qc7 6. g3 a6 7. Bg2 d6 8. 0-0 Bd7 9. a4 Be7 10. Nb3 Bf6 11. Bf4 Ne5 12. Ra2 Ne7 13. Ne2 N7g6 14. Bc1 Rc8 15. Nbd4 0-0 16. b3 Nc6 17. c4 Rfd8 18. Be3 Nge7 19. Rd2 Nxd4 20. Bxd4 Bxd4 21. Rxd4 Bc6 22. Nc3 Rd7 23. Qd2 Rcd8 24. Rc1 Qb6 25. Rb1 f5 26. a5 Qa7 27. Rd3 fxe4 28. Nxe4 d5 29. cxd5 exd5 30. Ng5 Rd6 31. Re1 Ng6 32. h4 h6 33. Ne6 Re8 34. Nd4 Rdd8 35. h5 Ne5 36. Rde3 Qb8 37. Nxc6 Nxc6 38. Rxe8+ Rxe8 39. Qxd5+ Kh8 40. Rxe8+ Qxe8 41. Be4 Nxa5 42. Qf5 Kg8 43. Qh7+ Kf8 44. Qh8+ Ke7 45. Qxg7+ Kd8 46. Bf3 Qe6 47. b4 Nc6 48. Qxb7 Qe1+ 49. Kg2 Nxb4 50. Qb6+ Kd7 51. Qxh6 a5 52. Qg7+ Qe7 53. h6 Nd3 54. Qxe7+ Kxe7 55. h7 Ne1+ 56. Kf1 1-0

[Event "Warsaw YMCA Winter-A 86th"]
[Site "Warsaw"]
[Date "2011.03.30"]
[Round "13"]
[White "Choroszej, Aleksander"]
[Black "Grochulski, Grzegorz"]
[Result "1/2-1/2"]
[WhiteElo "2074"]
[BlackElo "2046"]
[PlyCount "66"]
[EventDate "2011.01.06"]
[EventType "tourn"]
[EventRounds "13"]
[EventCountry "POL"]
[SourceTitle "EXT 2019"]
[Source "ChessBase"]
[SourceDate "2018.10.10"]
[SourceVersion "1"]
[SourceVersionDate "2018.10.10"]
[SourceQuality "1"]

1. d4 d6 2. Nf3 Nf6 3. c4 g6 4. Nc3 Bg7 5. e4 0-0 6. Be2 e5 7. 0-0 Nc6 8. d5 Ne7 9. b4 a5 10. Ba3 axb4 11. Bxb4 b6 12. a4 Ne8 13. Re1 f5 14. Ng5 h6 15. Ne6 Bxe6 16. dxe6 Nc6 17. Nd5 Nf6 18. Bf3 Nxd5 19. Qxd5 Nxb4 20. e7+ Nxd5 21. exd8Q Rfxd8 22. cxd5 Ra5 23. Rec1 Rda8 24. Rxc7 Rxa4 25. Rxa4 Rxa4 26. Kf1 b5 27. Rb7 Rb4 28. Ke1 Rb2 29. Be2 b4 30. Bd3 f4 31. Bb5 b3 32. Be2 Rb1+ 33. Bd1 Rb2 1/2-1/2

[Event "POL-ch U18"]
[Site "Murzasichle"]
[Date "2011.03.12"]
[Round "9"]
[White "Grochulski, Grzegorz"]
[Black "Matuszewski, Michal"]
[Result "0-1"]
[WhiteElo "2069"]
[BlackElo "2384"]
[PlyCount "69"]
[EventDate "2011.03.05"]
[EventType "swiss"]
[EventRounds "9"]
[EventCountry "POL"]
[SourceTitle "EXT 2012"]
[Source "ChessBase"]
[SourceDate "2011.11.24"]
[SourceVersion "1"]
[SourceVersionDate "2011.11.24"]
[SourceQuality "1"]

1. e4 Nf6 2. e5 Nd5 3. d4 d6 4. c4 Nb6 5. exd6 exd6 6. Nc3 Nc6 7. Be3 Be7 8. Bd3 Bf6 9. Nge2 Bg4 10. f3 Bh4+ 11. Bf2 Bxf2+ 12. Kxf2 Qh4+ 13. Ng3 Be6 14. d5 Qd4+ 15. Kf1 Ne5 16. Nb5 Qxd3+ 17. Qxd3 Nxd3 18. Nxc7+ Kd7 19. Nxa8 Nxc4 20. dxe6+ fxe6 21. b3 Nce5 22. Ke2 Nf4+ 23. Kf2 Rc8 24. Ne4 Rc2+ 25. Nd2 g5 26. Rhd1 Ned3+ 27. Ke3 Nb4 28. a3 Nbd5+ 29. Kf2 Nc3 30. Ke3 Nxd1+ 31. Rxd1 Nd5+ 32. Kd3 Rc8 33. Ne4 Rxa8 34. Nxg5 Rg8 35. Nxh7 0-1

[Event "POL-ch U18"]
[Site "Murzasichle"]
[Date "2011.03.11"]
[Round "8"]
[White "Zielinski, Wojciech"]
[Black "Grochulski, Grzegorz"]
[Result "1/2-1/2"]
[WhiteElo "2118"]
[BlackElo "2069"]
[PlyCount "131"]
[EventDate "2011.03.05"]
[EventType "swiss"]
[EventRounds "9"]
[EventCountry "POL"]
[SourceTitle "EXT 2012"]
[Source "ChessBase"]
[SourceDate "2011.11.24"]
[SourceVersion "1"]
[SourceVersionDate "2011.11.24"]
[SourceQuality "1"]

1. Nf3 d6 2. e4 g6 3. d4 Bg7 4. c4 Nf6 5. Nc3 0-0 6. Be2 Nbd7 7. 0-0 e5 8. dxe5 dxe5 9. Qc2 c6 10. b3 Re8 11. Rd1 Bf8 12. h3 Qc7 13. a3 a5 14. Bb2 b6 15. Bf1 Nh5 16. Ne2 Ng7 17. Ng3 Bb7 18. Rxd7 Qxd7 19. Nxe5 Qc7 20. Ng4 Re6 21. c5 b5 22. Rd1 Ne8 23. e5 Rd8 24. Bd3 Bc8 25. f4 Bg7 26. Re1 h5 27. Nh2 h4 28. Ne4 Re7 29. Rf1 Qa7 30. b4 Bf5 31. Kh1 Red7 32. Nd6 Nxd6 33. cxd6 Bxd3 34. Qxd3 Rxd6 35. exd6 Bxb2 36. Ng4 axb4 37. axb4 Qd4 38. Qb3 Qc4 39. Qxc4 bxc4 40. Ne5 Ba3 41. Nxc4 Bxb4 42. Rd1 f6 43. f5 gxf5 44. Ne3 Rxd6 45. Rxd6 Bxd6 46. Nxf5 Bb4 47. Kg1 Kf7 48. Kf1 Ke6 49. Nxh4 Kd5 50. Ke2 Ke4 51. g4 c5 52. Nf5 c4 53. Ne3 c3 54. h4 Bf8 55. g5 f5 56. h5 f4 57. Nc2 f3+ 58. Kf1 Kd3 59. Ne1+ Ke3 60. h6 Kf4 61. h7 Bg7 62. g6 Ke3 63. Nc2+ Kd2 64. Nb4 Bd4 65. g7 Bxg7 66. Kf2 1/2-1/2

[Event "POL-ch U18"]
[Site "Murzasichle"]
[Date "2011.03.07"]
[Round "4"]
[White "Kumala, Aleksander"]
[Black "Grochulski, Grzegorz"]
[Result "1-0"]
[WhiteElo "1889"]
[BlackElo "2069"]
[PlyCount "55"]
[EventDate "2011.03.05"]
[EventType "swiss"]
[EventRounds "9"]
[EventCountry "POL"]
[SourceTitle "EXT 2012"]
[Source "ChessBase"]
[SourceDate "2011.11.24"]
[SourceVersion "1"]
[SourceVersionDate "2011.11.24"]
[SourceQuality "1"]

1. e4 e5 2. Nf3 Nc6 3. d4 exd4 4. Bc4 Nf6 5. 0-0 Nxe4 6. Re1 d5 7. Bxd5 Qxd5 8. Nc3 Qh5 9. Nxe4 Be6 10. Bg5 Bd6 11. Nxd6+ cxd6 12. Bf4 Qd5 13. c3 Kd7 14. Nxd4 Nxd4 15. cxd4 g5 16. Bg3 h5 17. h3 f5 18. Be5 Rh6 19. Rc1 Rc8 20. Rxc8 Kxc8 21. Qc1+ Kd7 22. Qxg5 Rh7 23. Bg3 Qxa2 24. Bh4 Kc6 25. Qg6 Bg8 26. Rc1+ Kd7 27. Qxf5+ Qe6 28. Qb5# 1-0

[Event "POL-ch U18"]
[Site "Murzasichle"]
[Date "2011.03.05"]
[Round "1"]
[White "Grochulski, Grzegorz"]
[Black "Slavov, Maksymilian"]
[Result "0-1"]
[WhiteElo "2069"]
[BlackElo "1732"]
[PlyCount "78"]
[EventDate "2011.03.05"]
[EventType "swiss"]
[EventRounds "9"]
[EventCountry "POL"]
[SourceTitle "EXT 2012"]
[Source "ChessBase"]
[SourceDate "2011.11.24"]
[SourceVersion "1"]
[SourceVersionDate "2011.11.24"]
[SourceQuality "1"]

1. c4 Nf6 2. Nf3 g6 3. Nc3 Bg7 4. e4 d6 5. d4 0-0 6. Be2 Nbd7 7. 0-0 e5 8. Be3 Ng4 9. Bg5 f6 10. Bc1 Nh6 11. dxe5 Nxe5 12. Nxe5 fxe5 13. Be3 Be6 14. b3 Nf7 15. Qd2 c6 16. Rfd1 Qe7 17. Bf3 b6 18. a4 a5 19. Rab1 Qc7 20. h3 h5 21. Be2 Rfd8 22. Rdc1 Kh7 23. Nd5 Bxd5 24. exd5 c5 25. Qc2 Qe7 26. Bxh5 e4 27. Bg4 Rf8 28. Re1 Rae8 29. Bc1 Bd4 30. Bb2 Qe5 31. Re2 Ng5 32. Rbe1 Rf4 33. Bc1 Rxg4 34. hxg4 Nf3+ 35. gxf3 Qg3+ 36. Kf1 Qh3+ 37. Kg1 exf3 38. Re7+ Rxe7 39. Rxe7+ Bg7 0-1

[Event "Warsaw YMCA Winter-A 86th"]
[Site "Warsaw"]
[Date "2011.03.03"]
[Round "9"]
[White "Nowicki, Bartosz"]
[Black "Grochulski, Grzegorz"]
[Result "1-0"]
[WhiteElo "2119"]
[BlackElo "2046"]
[PlyCount "141"]
[EventDate "2011.01.06"]
[EventType "tourn"]
[EventRounds "13"]
[EventCountry "POL"]
[SourceTitle "EXT 2019"]
[Source "ChessBase"]
[SourceDate "2018.10.10"]
[SourceVersion "1"]
[SourceVersionDate "2018.10.10"]
[SourceQuality "1"]

1. e4 c5 2. Nf3 Nf6 3. e5 Nd5 4. Nc3 e6 5. Nxd5 exd5 6. d4 Nc6 7. dxc5 Bxc5 8. Bd3 d6 9. exd6 Qxd6 10. 0-0 Be6 11. a3 a5 12. Re1 h6 13. c3 g5 14. Qa4 0-0-0 15. b4 Bb6 16. Be3 Bxe3 17. Rxe3 axb4 18. axb4 Kc7 19. b5 Ra8 20. Qxa8 Rxa8 21. Rxa8 d4 22. Rxe6 Qxe6 23. bxc6 dxc3 24. cxb7 Kxb7 25. Ra1 g4 26. Ne1 h5 27. Rb1+ Kc7 28. Rc1 Qe5 29. g3 Qd4 30. Kf1 h4 31. gxh4 Kd6 32. h5 Qf4 33. Ra1 f6 34. Kg1 Qg5 35. Ra6+ Kd7 36. Ra7+ Kd6 37. Rh7 Qe5 38. Nc2 Qd5 39. Rh8 Ke7 40. Nb4 Qb3 41. h6 Qd1+ 42. Bf1 Kf7 43. Rc8 Kg6 44. Rxc3 Kxh6 45. Nc2 Qd7 46. Ne3 Kg7 47. Rc4 Qa7 48. Rxg4+ Kh6 49. Nf5+ Kh5 50. Ne3 Qa1 51. Rf4 Kg5 52. Rf5+ Kg6 53. Rb5 Kg7 54. h4 Kh6 55. h5 Qa4 56. Be2 Qe4 57. Rf5 Qb1+ 58. Kg2 Qb7+ 59. Bf3 Qg7+ 60. Ng4+ Kh7 61. Rxf6 Qd7 62. Rb6 Qd4 63. Rb7+ Kh8 64. h6 Qf4 65. Rb6 Qc7 66. Re6 Qf7 67. Re5 Qg6 68. Kh3 Qf7 69. Be4 Qb3+ 70. f3 Qa4 71. Bg6 1-0

[Event "Warsaw YMCA Winter-A 86th"]
[Site "Warsaw"]
[Date "2011.02.25"]
[Round "7"]
[White "Krasiewicz, Robert"]
[Black "Grochulski, Grzegorz"]
[Result "0-1"]
[WhiteElo "2057"]
[BlackElo "2046"]
[PlyCount "50"]
[EventDate "2011.01.06"]
[EventType "tourn"]
[EventRounds "13"]
[EventCountry "POL"]
[SourceTitle "EXT 2019"]
[Source "ChessBase"]
[SourceDate "2018.10.10"]
[SourceVersion "1"]
[SourceVersionDate "2018.10.10"]
[SourceQuality "1"]

1. Nf3 c5 2. c4 Nc6 3. b3 e5 4. Bb2 e4 5. Ne5 Nce7 6. b4 f6 7. Ng4 d5 8. Ne3 d4 9. Nc2 Nc6 10. d3 exd3 11. Qxd3 Nh6 12. Nd2 Bf5 13. e4 dxe3 14. Qxe3+ Kf7 15. Rc1 Bxc2 16. Rxc2 Nxb4 17. Rc3 Bd6 18. Be2 Re8 19. Qf3 Be5 20. 0-0 Qxd2 21. Rd1 Qxb2 22. Rd7+ Kf8 23. Re3 Bd4 24. Qg3 Nf5 25. Qh3 Qb1+ 0-1

[Event "Warsaw YMCA Winter-A 86th"]
[Site "Warsaw"]
[Date "2011.02.09"]
[Round "6"]
[White "Grochulski, Grzegorz"]
[Black "Alvarado, Carlos"]
[Result "1/2-1/2"]
[WhiteElo "2046"]
[BlackElo "2190"]
[PlyCount "118"]
[EventDate "2011.01.06"]
[EventType "tourn"]
[EventRounds "13"]
[EventCountry "POL"]
[SourceTitle "EXT 2019"]
[Source "ChessBase"]
[SourceDate "2018.10.10"]
[SourceVersion "1"]
[SourceVersionDate "2018.10.10"]
[SourceQuality "1"]

1. e4 e5 2. f4 exf4 3. Nf3 Ne7 4. d4 d5 5. Nc3 dxe4 6. Nxe4 Nd5 7. c4 Ne3 8. Bxe3 fxe3 9. Qb3 Nc6 10. Qxe3 Qe7 11. Kf2 f5 12. Nc3 Qxe3+ 13. Kxe3 Be7 14. Nd5 Bd8 15. Bd3 0-0 16. Rae1 Be6 17. Nf4 Bf7 18. d5 Nb4 19. Bb1 g5 20. Nd3 Nxd3 21. Bxd3 c6 22. dxc6 Bb6+ 23. Kd2 Ba5+ 24. Kc2 Bxe1 25. cxb7 Rab8 26. Rxe1 g4 27. Nd4 Rxb7 28. Nxf5 Bg6 29. Ne7+ Kg7 30. Nxg6 Rf2+ 31. Re2 Rxe2+ 32. Bxe2 hxg6 33. Bxg4 Kf6 34. Kc3 Ke5 35. b4 Rf7 36. Bf3 g5 37. h3 Rd7 38. a3 Kd6 39. Kd4 Re7 40. a4 Re1 41. a5 Ra1 42. Kc3 Rc1+ 43. Kb3 Rb1+ 44. Kc3 Rc1+ 45. Kd4 Ra1 46. Bd5 Rd1+ 47. Ke4 Rf1 48. Kd4 Rd1+ 49. Kc3 Rc1+ 50. Kd2 Ra1 51. Ke3 Ke5 52. Kd3 Ra3+ 53. Kc2 Kd4 54. Kb2 Re3 55. b5 Kc5 56. Kc2 Ra3 57. a6 Re3 58. Kd2 Ra3 59. Ke2 Rc3 1/2-1/2